000 00536nam a2200169 4500
001 109635
003 ES-MaACL
005 20230906184900.0
007 t|
008 061121s1971 sp r ||||1| spa d
100 1 _aMunne Matamala, Federico.
_984214
245 1 0 _aGrupos masas y sociedades /
_cFederico Munne Matamala; palabras previas Enrique Martín López.
260 _aBarcelona :
_bHispano Europea,
_c1971.
300 _a615 p. ;
_c22 cm.
700 1 _aMartín López, Enrique.
_977541
852 _aES-MaACL
_jC-38339
_bR.76717
999 _c109635
_d109635